000 00415nam a22001697a 4500
003 MPLRDC
005 20220104124356.0
008 210129b ||||| |||| 00| 0 eng d
082 _a982.9 ZYX
100 _a张钊、殷波
245 _a燕舞梨园
_c
250 _a一版一刷
260 _a
_b中国戏剧出版社
_c1986
300 _b
650 _a伶人传记; 演员传记
942 _cBK
_o982.9 ZYX
999 _c18836
_d18826